000
00217 a2200097 4500
001
8784
100
_a
Nichoson D
245
_a
The oxford book of english mystical verse
260
_a
_b
Oxford
_c
090
_c
7050
_d
7050
942
_a
NUST-CAE
_c
33657
_c
M
999
_c
243857
_d
243857